Los jesuitas o Análisis documentado de la Compañía de Jesús por las autoridades más competentes (Record no. 156324)

MARC details
000 -LEADER
campo de control de longitud fija 01095nam a2200229 i 4500
001 - NÚMERO DE CONTROL
campo de control 156324
003 - IDENTIFICADOR DE NÚMERO DE CONTROL
campo de control ES-MaACL
005 - FECHA Y HORA DE LA ÚLTIMA TRANSACCIÓN
campo de control 20230906210400.0
008 - DATOS DE LONGITUD FIJA--INFORMACIÓN GENERAL
campo de control de longitud fija 950323m18451848sp |||| | spa d
040 ## - FUENTE DE CATALOGACIÓN
Centro catalogador/agencia de origen EUS
Lengua de catalogación spa
Centro/agencia transcriptor EUS
080 ## - NÚMERO DE LA CLASIFICACIÓN DECIMAL UNIVERSAL
Número de la Clasificación Decimal Universal 271.5:239
245 04 - MENCIÓN DEL TÍTULO
Título Los jesuitas o Análisis documentado de la Compañía de Jesús por las autoridades más competentes
Resto del título : desde su fundación en el año 1540.
260 ## - PUBLICACIÓN, DISTRIBUCIÓN, ETC.
Lugar de publicación, distribución, etc. Madrid :
Nombre del editor, distribuidor, etc. Sociedad Literaria,
Fecha de publicación, distribución, etc. 1845-1848 (
Fabricante Imprenta de D. W. Ayguals de Izco)
300 ## - DESCRIPCIÓN FÍSICA
Extensión 6 v. en 3 t. ;
Dimensiones 13 cm.
490 1# - MENCIÓN DE SERIE
Mención de serie El Novelista Universal : colección de las novelas de los más célebres escritores de Europa ;
Designación de volumen o secuencia 35-40
530 ## - NOTA DISPONIBLE DE FORMULARIO FÍSICO ADICIONAL
Nota de formato físico adicional disponible Disponible en formato digital.
610 24 - PUNTO DE ACCESO ADICIONAL DE MATERIA--NOMBRE DE ENTIDAD CORPORATIVA
Nombre de entidad corporativa o nombre de jurisdicción como elemento de entrada Jesuitas-
Subdivisión de forma Obras de controversia.
9 (RLIN) 151987
830 0# - PUNTO DE ACCESO ADICIONAL DE SERIE-TÍTULO UNIFORME
Título uniforme El Novelista Universal : colección de las novelas de los más célebres escritores de Europa ;
Designación de volumen o secuencia 35-40
9 (RLIN) 221657
852 ## - LOCALIZACIÓN
Ubicación ES-MaACL
Número de control de estantería G-872-74
Nota libre -- Enc. hol.
-- -- Legado de M. de la Fuente
856 ## - LOCALIZACIÓN Y ACCESO ELECTRÓNICOS
Identificador Uniforme de Recursos <a href="http://bdh-rd.bne.es/viewer.vm?id=0000042542&page=1 ">http://bdh-rd.bne.es/viewer.vm?id=0000042542&page=1 </a>
Nota pública Biblioteca Digital Hispánica
Holdings
Estatus retirado Estado de pérdida Estado de daño No para préstamo Colección Biblioteca de origen Biblioteca actual Ubicación en estantería Fecha de adquisición Fuente de adquisición Total de préstamos Signatura topográfica completa Código de barras Visto por última vez Precio de reemplazo Tipo de ítem Koha
        Colección digital Biblioteca del Ateneo de Madrid Biblioteca del Ateneo de Madrid Depósito 2 17/01/2008     G-872-74 1163547 23/02/2023 23/02/2023 Libro impreso antiguo